000 01844nam0a2200361 4500
001 RU\NLR\bibl\498804
005 20260406132943.0
010 _a5-94849-523-Х
_96000
021 _aRU
_b2004-3045
_9161
035 _a(NLR Aleph) 000491418
090 _a1116044
_c1116044
100 _a20040310d2004 |||y0rusy50 ca
101 0 _arus
102 _aRU
105 _ay |||||||||
200 1 _aИзбранные сочинения
_fНиколай Семенович Лесков
_g[Сост., вступ. ст., коммент. А.А. Шорохов
_gНауч. ред. к.филол.н. П.В. Басинский]
210 _aМ.
_cОлма-Пресс Образование
_d2004
215 _a763,[1] c.
_d19
225 1 _aБиблиотека школьника
320 _aБиблиогр.: с. 761-762
327 1 _aСодерж.: Леди Макбет Мценского уезда; Запечатленный ангел; Очарованный странник; Мелочи архиерейской жизни; Левша; Тупейный художник; Человек на часах
_aВ кн. также: Критика и воспоминания о Н.С. Лескове
686 _aШ9(2)62=Р5-4
700 1 _4070
_7ca
_8rus
_aЛесков
_bН. С.
_f1831-1895
_gНиколай Семенович
_9112020
_3RU\NLR\auth\772003
702 1 _4220
_7ca
_8rus
_aШорохов
_bА. А.
_f1973-
_gАлексей Алексеевич
_9238639
_3RU\NLR\AUTH\770238695
702 1 _4340
_7ca
_8rus
_aБасинский
_bП. В.
_f1961-
_gПавел Валерьевич
_93479
_3RU\NLR\auth\7720411
801 0 _aRU
_bNLR
_c20040310
_gPSBO
801 1 _aRU
_bNLR
_c20040310
830 _aСост. по кн.; ред. по ЭК
942 _cBOOK
980 _aNB